000 01655cab a2200325 4500
001 ##L135262
008 061009n2006 000 0 eng u
035 _a(Sirsi) u135262
041 0 _aeng
100 1 _aCowap, Charles
245 0 0 _aNew compensation provisions bypass tenant farmers
260 _c2006
490 0 _aRICS Feature
_v25 September 2006
520 _aReviews the two new types of compulsory purchase payment - Basic Loss and Occupier's Loss - introduced by the Planning and Compulsory Purchase Act 2004, in the context of agricultural compensation. Covers both new types of payment, the abolition of Farm Loss Payments and considers the general limitations on the new payments. Provides worked examples and key points for practitioners. References
590 _aIKA171006
650 2 4 _aHOME LOSS PAYMENTS (PRESCRIBED AMOUNTS) (ENGLAND) REGULATIONS 2006
650 2 4 _aPLANNING AND COMPULSORY PURCHASE ACT 2004 S107
650 2 4 _aPLANNING AND COMPULSORY PURCHASE ACT 2004 S109
650 2 4 _aAGRICULTURE (MISCELLANEOUS PROVISIONS) ACT 1968
650 2 4 _aAGRICULTURAL HOLDINGS ACT 1986
650 2 4 _aCOMPULSORY PURCHASE ACT 1965 S20
650 2 4 _aLAND COMPENSATION ACT 1973 S34
650 2 4 _aLAND COMPENSATION ACT 1973 S33C
650 2 4 _aLAND COMPENSATION ACT 1973 S33B
650 2 4 _aLAND COMPENSATION ACT 1973 S33A
651 4 _aEngland and Wales
_y1543-
690 _aENVIRONMENTAL AND LAND CONSULTANCY-PLANNING AND DEVELOPMENT-COMPULSORY PURCHASE AND COMPENSATION
856 4 0 _uhttps://www.rics.org/RICSWEB/getpage.aspx?p=PRYAjU-gj0euqKQMMDPXrQ
_zView the article free of charge at www.rics.org...
942 _n0
999 _c77845
_d77845